000 00501nam a2200121Ia 4500
008 220216s9999 xx 000 0 und d
100 _aGopakumar K.
245 0 _aSelection and maintenance of electrical machinery and equipment
260 _bIn: Lecture Notes for the Refresher Course for small scale rubber goods manufacturers. Rubber Research Institute of India, Kottayam, India, pp. 299-323.
_c1979
650 _aElectrical machinery
650 _aSmallscale rubber manufacturing unit
942 _cBS
999 _c51575
_d51575